[Bruno Curatolo, François Marcot: Écrire sous l'Occupation]
| Titel: | [Bruno Curatolo, François Marcot: Écrire sous l'Occupation] / Bénédicte Vergez-Chaignon |
|---|---|
| Verfasser: | |
| In: |
Revue historique, Heft 2 (622) (2012), Seite 132-140 alle Artikel anzeigen |
| Veröffentlicht: | 2012 |
| Format: | Aufsatz |
| Sprache: | Französisch |
X
alg: 41630234 001A $03025:07-09-17 001B $03025:25-04-24 $t13:06:22.000 001C $03025:07-09-17 $t11:57:54.000 001D $03025:07-09-17 001U $0utf8 001X $00 002@ $0Aou 002C $aText $btxt $2rdacontent 002D $aohne Hilfsmittel zu benutzen $bn $2rdamedia 002E $aBand $bnc $2rdacarrier 003@ $0416302343 007A $0416302343 $aHEB 010@ $afre 010E $erda 011@ $a2012 013D $#Newspapers Sections, columns, etc. Reviews $#Book reviewing $#Journaux Cahiers, chroniques, etc. Comptes rendus $#Livres Recension $#Rezension $#Buchbesprechung $#Buchrezension $#Buchkritik $74049712-4 $8Rezension [Ts1] $9085138568 021A $a[Bruno Curatolo, François Marcot: Écrire sous l'Occupation] $hBénédicte Vergez-Chaignon 028A $BVerfasser $#Chaignon, Bénédicte Vergez- $#Chaignon, Bénédicte $#Vergez, Bénédicte $4aut $71041725957 $8Vergez-Chaignon, Bénédicte [Tp3] $9331278472 031A $e2 (622) $h132-140 $j2012 039B $aEnthalten in $8--Abvc--. Revue historique. - Paris : Presses Univ. de France, 1876-. - ISSN 0035-3264 $x201200000000002868 $9047310693 039T $8--Aau--. Écrire sous l'Occupation. - Rennes : Presses Univ. de Rennes, 2011. - 423 Seiten. - ISBN 2-7535-1463-1 $9284927600 045F $a900.9438 $eDDC23BSB 045F/01 $a900 045F/03 $g438 045T $a8 lok: 41630234 78 exp: 41630234 78 1 #EPN 201B/01 $007-09-17 $t11:57:54.000 201C/01 $007-09-17 201U/01 $0utf8 203@/01 $01006752862 208@/01 $a07-09-17 $be 209A/01 $a/ $f000 $x00 209A/01 $ab*p $x01 220C/01 $apgar 244Z/01 $#Generalgouvernement Polen $#Polska $#Rzeczpospolita Polska $#Polska Rzeczpospolita Ludowa $#Poland $#Pologne $#République Polonaise $#Generalne Gubernatorstwo w Polsce $#Polish People's Republic $#Polska Rzeczpospolita Polen $#PRL $#RP $#Polen Generalgouvernement $#Polska Generalgouvernement $#Besetzte Polnische Gebiete $#Besetztes Gebiet in Polen $#Okupowane Polskie Obszary $#Obszary Okupowane w Polsce $#Volksrepublik Polen $#Polska Rosyjska $#Republic Polen $#Respublika Pol'ša $#Pol'skaja Narodnaja Respublika $#République de Pologne $#Polen Links der Weichsel $#Polska po Lewej Stronie Wisły $#Lenkija $#Polija $#Gubernija Carstva Pol'skago $#Republik Polen $74046496-9 $8--Tg1--Polen $x01 $9085129801 247C/01 $82080>Marburg/Lahn, Herder-Institut, Forschungsbibliothek, Bibliographieportal $9336309341
| LEADER | 00000caa a2200000 c 4500 | ||
|---|---|---|---|
| 001 | 416302343 | ||
| 003 | DE-603 | ||
| 005 | 20240425130622.0 | ||
| 007 | tu | ||
| 008 | 170907s2012 xx |||| | u00||u|fre c | ||
| 035 | |a (DE-599)HEB416302343 | ||
| 040 | |a DE-603 |b ger |c DE-603 |d DE-603 |e rda | ||
| 041 | |a fre | ||
| 082 | 0 | 4 | |8 1\u |a 900.9438 |q DE-101 |2 23/BSB |
| 084 | |a 8 |2 ssgn | ||
| 085 | |8 1\u |b 900 | ||
| 085 | |8 1\u |z 2 |s 438 | ||
| 100 | 1 | |a Vergez-Chaignon, Bénédicte |e Verfasser |4 aut |0 (DE-603)331278472 |0 (DE-588)1041725957 |2 gnd | |
| 245 | 0 | 0 | |a [Bruno Curatolo, François Marcot: Écrire sous l'Occupation] |c Bénédicte Vergez-Chaignon |
| 264 | 0 | |c 2012 | |
| 336 | |a Text |b txt |2 rdacontent | ||
| 337 | |a ohne Hilfsmittel zu benutzen |b n |2 rdamedia | ||
| 338 | |a Band |b nc |2 rdacarrier | ||
| 655 | 7 | |a Rezension |2 gnd-content |0 (DE-588)4049712-4 |0 (DE-603)085138568 | |
| 773 | 0 | 8 | |i Enthalten in |t Revue historique |d Paris : Presses Univ. de France, 1876- |x 0035-3264 |g Heft 2 (622) (2012), Seite 132-140 |w (DE-603)047310693 |w (DE-600)209825-8 |
| 787 | 0 | 8 | |i Rezension von |t Écrire sous l'Occupation |d Rennes : Presses Univ. de Rennes, 2011 |h 423 Seiten |z 2753514631 |z 9782753514638 |w (DE-603)284927600 |
| 924 | 0 | |9 2080 |a (DE-603)1006752862 |b DE-2080 |c HES |d d |g / | |


